Le Louvre au détail - Statistiques

Statistiques générales
  • Ce quiz a été pris 160 fois
  • Le résultat moyen est 6 sur 15
Statistiques - réponses
Par images Réponse % Correct
La Joconde
89%
La liberté guidant le peuple
79%
Vénus de Milo
74%
La victoire de Samothrace
60%
Les noces de Cana
59%
Autoportrait
42%
Scribe accroupi
38%
La dentellière
30%
La grande odalisque
28%
Psyché ranimée par le baiser de l'Amour
21%
Sarcophage des époux
18%
Ebih-Il
13%
Sceptre de Charles V
13%
pyxide d'Al-Mughira
7%
Icone de l'Abbé Menas Baouit
4%
Aucun quiz correspondant
Distribution des résultats
% des personnes avec chaque résultat
Percentile par nombre de réponses
Votre historique - résultats
Vous n’avez pas pris ce quiz